01237nam a22002413i 450000100090000000300040000900500170001300800410003001000170007102000180008804000230010608200130012910000190014224500430016126000530020430000250025733600260028233700280030833800270033652005910036354600160095465000250097021825507OSt20251001103928.0201130s2019 cb 000 0 eng  a 2020306852 a9781938141034 aDLCbengerdacDLC a320.9596 aDin, Darathtey00aCambodia 2040 :bculture and society / aPhnom Penh : bKonrad Adenauer Stiftung, c2015. a225 pages : c26 cm. atextbtxt2rdacontent aunmediatedbn2rdamedia avolumebnc2rdacarrier aThe second volume of this series sets out to paint a picture of the future of Cambodian culture and society in the year 2040 with authors such as Ms. Din Darathtey, Mr. Harry Catherine, Ms. Nhek Pichponreingsey, Mr. Khoun Theara, Mr. Sun Chhai, Ms. Hoy Sokkea, Mr. Soeung Sophat, Mr. You Sokunpanha and Mr. Chhorn Theara. The topics of gender equality, education, health, food, media, tourism, and many others are covered in this outing with the projection of possible future scenarios and constructive recommendations that will guide Cambodia to meet its goals in the next two decades. aIn English. aCulture and Society